000 00351nam a2200145Ia 4500
008 230917s9999||||xx |||||||||||||| ||und||
040 _e74688
_aMAIN
041 _aEnglish
082 _a658.54 L815P
100 _aLockyer, K G
245 0 _aProduction control in practice
260 _aNairobi
_bPitman
_c1975
300 _axi, 344 p.
942 _cBK
999 _c219086
_d219086